Schedules of Common Medications - Statistics

General Stats
  • This quiz has been taken 26 times
    3 since last reset
  • The average score is 21 of 34
Answer Stats
Medication Brand/Common Name Schedule % Correct
Tetrahydrocannabinol Cannabis, Marijuana,Weed I
100%
N,N-Dimethyltryptamine DMT I
100%
Fentanyl Fentanyl II
100%
Amphetamine Adderall II
100%
Morphine Morphine II
100%
Oxycodone OxyContin, 30s, Oxy II
100%
Methamphetamine Desoxyn, Meth II
100%
Alprazolam Xanax IV
100%
Pregabalin Lyrica V
100%
Mescaline Peyote, San Pedro I
67%
Lysergic Acid Diethylamide LSD, Acid I
67%
MDMA Ecstacy, Molly I
67%
Cathinone Bath Salts I
67%
Phencyclidine PCP, Angel Dust II
67%
Ketamine Horse Tranquilizer III
67%
Testosterone Steroids, Roids, Juice III
67%
Gamma-hydroxybutyric Acid GHB I/III
67%
Clonazepam Klonopin IV
67%
Lorazepam Ativan IV
67%
Codeine Cough Syrup Robitussin, Lean V
67%
Acetylmorphine Heroin I
33%
2C-B 2C-B I
33%
Psilocybin Magic Mushrooms I
33%
Methadone Methadone II
33%
Codeine Codeine II
33%
Cocaine Coke, Blow II
33%
Hydrocodone Norco, Vicodin II
33%
Buprenorphine Suboxone III
33%
Flunitrazepam Rohypnol, Roofies I/IV
33%
Carisoprodol Soma IV
33%
Diazepam Valium IV
33%
Tramadol Ultram, Trammies, Ultras IV
33%
Zolpidem Ambien, Roofies IV
33%
Propofol Diprivan, Propofol Unscheduled
33%
No matching quizzes found
Score Distribution
Percent of People with Each Score
Percentile by Number Answered
Your Score History
You have not taken this quiz since the last reset